000 00808nam a22002657a 4500
001 BR6004529
003 BR-BrBNA
005 20230928093748.0
007 ta
008 230509b bl.||||| |||| 00| 0 por d
040 _aBR-BrBNA
_bpor
_cBiblioteca Nacional de Agricultura
041 _a(Por)
072 _aF04; E16
_b1126
090 _ 1126 BR6004529
110 1 _aAssociacao Nordestina de Credito e Assistencia Rural da Bahia, Salvador (Brasil)
_9689
245 1 _aResultados ensaios demonstrativos. Cultura abacaxi 72/73
_bProjeto FAO/ABCAR/ANDA/BNB
260 3 _aSalvador, BA (Brasil):
_c[nd].
300 _a3 p.
500 _aPublished 1972?; Numerical data
650 _aAbacaxi
650 _aAdubacao
650 _aCusto de Producao
909 _a202309
_bLucia
_c55
_dLucia Elande
942 _cBK
999 _c46957
_d46957